书目信息 |
| 题名: |
档案管理学基础
|
|
| 作者: | 陈兆俣 , 和宝荣 主编 | |
| 分册: | ||
| 出版信息: | 北京 中国人民大学出版社 1996.05 |
|
| 页数: | 464页 | |
| 开本: | 32开 | |
| 丛书名: | ||
| 单 册: | ||
| 中图分类: | G270 | |
| 科图分类: | ||
| 主题词: | 档案学 , 档案工作 | |
| 电子资源: | ||
| ISBN: | 7-300-02125-5 | |
| 000 | 00624nam0 2200217 45 | |
| 001 | 0011180116 | |
| 005 | 20001118014346.2 | |
| 010 | @a7-300-02125-5@d16.00元 | |
| 100 | @a20001118d1996 km y0chiy0120 ea | |
| 101 | 0 | @achi |
| 105 | @a z 000yy | |
| 200 | 1 | @a档案管理学基础@ADang An Guan Li Xue Ji Chu@f陈兆俣,和宝荣主编@FChen Zhao Yu,He Bao Rong Zhu Bian |
| 210 | @a北京@c中国人民大学出版社@d1996.05 | |
| 215 | @a464页@d32开 | |
| 606 | 0 | @a档案学 |
| 606 | 0 | @a档案工作 |
| 690 | @aG270@v3 | |
| 701 | 0 | @a陈兆俣@4主编 |
| 701 | 0 | @a和宝荣@4主编 |
| 801 | @aCN@bPftUser@c20001118 | |
| 905 | @b412860-861@dG270@eCH879@f2 | |
| 档案管理学基础/陈兆俣,和宝荣主编.-北京:中国人民大学出版社,1996.05 |
| 464页;32开 |
| ISBN 7-300-02125-5:16.00元 |
| ● |
| 相关链接 |
|
|
|
正题名:档案管理学基础
索取号:G270/CH879
 
预约/预借
| 序号 | 登录号 | 条形码 | 馆藏地/架位号 | 状态 | 备注 |
| 1 | 412861 | 204128611 | 社科库409/ [索取号:G270/CH879] | 在馆 |